|
|
|
|
| LEADER |
00000nam a2200000 a 4500 |
| 001 |
vtls008362233 |
| 003 |
SK-MaSNL |
| 005 |
20260301123353.0 |
| 008 |
251029s1953 xo hun |
| 015 |
|
|
|a SKSNBA19451955-000036
|
| 035 |
|
|
|a SK01SNKBKSFS20010054450
|
| 035 |
|
|
|a SKM000056913
|
| 040 |
|
|
|a SNK
|b slo
|c SNK
|e AACR2
|
| 041 |
1 |
|
|a hun
|h rus
|
| 044 |
|
|
|a xo
|c SK
|
| 080 |
|
|
|a 637.1
|2 1981
|
| 080 |
|
|
|a 636.2
|2 1981
|
| 100 |
1 |
|
|a Agafonova, Jevgenija Aleksandrovna
|4 aut
|9 470260
|
| 245 |
1 |
0 |
|a 7.432 kg tej minden fejőstehéntől
|c Jevgenija Aleksandrovna Agafonova ; (ford K. Vurdák)
|
| 246 |
1 |
3 |
|a Hétezernégyszázharminckettő kg tej minden fejőstenhéntől
|
| 260 |
|
|
|a Bratislava
|b Állami Mezőgazdasági Könyvkiadó
|c 1953
|e Trenčín
|f Západoslov. tlač.
|
| 300 |
|
|
|a 47, [1] s.
|c V. 8°
|
| 490 |
0 |
|
|a Állattenyésztés
|v 2.köt.
|
| 563 |
|
|
|a 1.700 výtlač.
|
| 650 |
0 |
7 |
|a živočíšna výroba
|2 SNK
|9 2836
|
| 655 |
|
7 |
|a knihy
|2 SNKPH
|9 307098
|
| 700 |
1 |
|
|a Vurdák, K.
|4 trl
|9 470261
|
| 830 |
|
0 |
|a Állattenyésztés
|9 470262
|
| 852 |
|
|
|a Slovenská národná knižnica v Martine
|b 10000
|h MS SD 8167
|
| 958 |
|
|
|a OND
|
| 958 |
|
|
|a RK
|
| 958 |
|
|
|a TL
|
| 999 |
|
|
|c 735985
|d 737915
|
| 952 |
|
|
|a SNK
|b SNK
|y VYP
|7 0
|p 17A0889215
|o snkSD 8167/2 D1
|i snkK 3156/62
|8 3
|0 0
|1 0
|4 0
|d 2012-06-25
|l 0
|r 2026-02-23 22:44:09
|w 2026-02-23
|
| 952 |
|
|
|a SNK
|b SNK
|y VYP
|7 0
|p 17A0889214
|o snkSD 8167/2 D2
|i snkF 8682/63
|8 5
|0 0
|1 0
|4 0
|d 2012-06-25
|l 0
|r 2026-02-23 22:44:09
|w 2026-02-23
|